| 000 | 00421 a2200121 4500 | ||
|---|---|---|---|
| 001 | ART_10766 | ||
| 005 | 20260410161854.0 | ||
| 008 | 260409a | ||
| 245 | 1 | 0 | _aPatentamiento de embriones. Breve reseña sobre el uso y apropiación de la vida humana |
| 100 | 1 | _aIglesias Darriba, Claudio | |
| 700 | 1 | _aRivera, Arturo G. | |
| 773 | 0 |
_tDerecho privado _gBioderecho - Año I, Nº 1 (mayo 2012) _wREV10455 |
|
| 999 |
_c25296 _d25296 |
||